Manual de plomería e instalaciones eléctricas residenciales : plomería (Registro nro. 1994)
[ vista simple ]
| 000 -LEADER | |
|---|---|
| fixed length control field | 00718nam a2200181Ia 4500 |
| 005 - DATE AND TIME OF LATEST TRANSACTION | |
| control field | 20251020182528.0 |
| 008 - FIXED-LENGTH DATA ELEMENTS--GENERAL INFORMATION | |
| fixed length control field | 200515s9999 xx 000 0 und d |
| 082 ## - DEWEY DECIMAL CLASSIFICATION NUMBER | |
| Classification number | 696.1/B70/2 |
| 100 ## - MAIN ENTRY--PERSONAL NAME | |
| Personal name | ALTH, Max |
| 245 #0 - TITLE STATEMENT | |
| Title | Manual de plomería e instalaciones eléctricas residenciales : plomería |
| 260 ## - PUBLICATION, DISTRIBUTION, ETC. | |
| Place of publication, distribution, etc. | México, D.F. |
| 260 ## - PUBLICATION, DISTRIBUTION, ETC. | |
| Date of publication, distribution, etc. | 1987 |
| 500 ## - GENERAL NOTE | |
| General note | 1 ejemplar |
| 520 ## - SUMMARY, ETC. | |
| Summary, etc. | Contiene: Diseño de un sistema de agua fría. Diseño de un sistema de agua caliente. Diseño de un sistema de drenaje. Tendido de tuberías en un sistema sanitario nuevo. Instalación de accesorios. Calefacción con agua caliente. Calefacción con vapor. Manten |
| 650 ## - SUBJECT ADDED ENTRY--TOPICAL TERM | |
| Topical term or geographic name entry element | INSTALACIONES SANITARIAS |
| 650 ## - SUBJECT ADDED ENTRY--TOPICAL TERM | |
| Topical term or geographic name entry element | LIB |
| 942 ## - ADDED ENTRY ELEMENTS (KOHA) | |
| Koha item type | Libros |
| Fecha de la última vez que lo usaron | Pago total | Signatura topográfica completa | Código de barras | Precio efectivo desde | Tipo de documento | Estado perdido | Estado dañado | No es para préstamo | Retirado | Ubicación permanente | Ubicación actual | Fecha de adquisición |
|---|---|---|---|---|---|---|---|---|---|---|---|---|
| 15/05/2020 | 696.1/B70/2 | Bib-Lima15051994 | 15/05/2020 | Libros | Biblioteca Central Lima | Biblioteca Central Lima | 15/05/2020 |